| 000 | 01790nam a2200445 i 4500 | ||
|---|---|---|---|
| 001 | DIGDJUST0129 | ||
| 003 | NyNyDIG | ||
| 006 | m o d | ||
| 007 | cr ||||||||||| | ||
| 008 | 240104s2013 ck a ob 000 0 spa d | ||
| 035 | _a(OCoLC)1419044340 | ||
| 040 |
_aDGITA _beng _erda _epn _cDGITA |
||
| 020 |
_a9789585822863 _qversión digital |
||
| 020 |
_z9789585822856 _qversión impresa |
||
| 043 | _as-ck--- | ||
| 050 | 1 | 4 | _aHD1332 ebook |
| 100 | 1 |
_aGuzmán, Diana Esther, _eauthor. |
|
| 245 | 1 | 0 |
_aRestitución de tierras y enfoque de género / _cDiana Esther Guzmán Rodríguez, Nina Chaparro González. |
| 264 | 1 |
_aBogotá, D.C. : _bEditorial Dejusticia, _c[2013] |
|
| 300 |
_a1 online resource : _billustrations. |
||
| 336 |
_atext _btxt _2rdacontent |
||
| 337 |
_acomputer file _bc _2rdamedia |
||
| 338 |
_aonline resource _bcr _2rdacarrier |
||
| 347 |
_atext file _2rdaft |
||
| 347 | _bPDF | ||
| 490 | 1 |
_aDocumentos ; _v12 |
|
| 504 | _aIncludes bibliographical references. | ||
| 588 | 0 | _aOnline resource; title from PDF title page (Digitalia, viewed January 4, 2024) | |
| 650 | 0 |
_aLand reform _zColombia. |
|
| 650 | 0 |
_aGender identity _zColombia. |
|
| 650 | 0 |
_aWomen and war _zColombia. |
|
| 700 | 1 |
_aChaparro González, Nina, _eauthor. |
|
| 776 | 0 | 8 |
_iPrint version: _aGuzmán, Diana Esther. _tRestitución de tierras y enfoque de género. _dBogotá, D.C. : Editorial Dejusticia, [2013] _z9789585822856 |
| 791 | 2 |
_aDigitalia (Firm), _edistributor. |
|
| 793 | 0 |
_gDigitalia eBook Collection: _aEditorial Dejusticia |
|
| 830 | 0 |
_aDocumentos (Centro de Estudios de Derecho, Justicia y Sociedad (Bogotá, Colombia)) ; _v12. |
|
| 856 | 4 | 0 |
_3Digitalia Hispánica _uhttps://www.digitaliapublishing.com/a/130777/ |
| 910 | _aPremium collection: 2024 | ||
| 942 | _cRAA | ||
| 999 |
_c281190 _d281190 |
||